000 00558nam a2200217Ia 4500
003 OSt
005 20220928145226.0
006 a|||||r|||| 00| 0
007 ta
008 220927b |||||||| |||| 00| 0 eng d
024 _a79559
037 _cTextual
040 _aSDCL
_cSDCL
_beng
041 _2eng
_aeng
082 _aNWk, L6 RR
100 _aBawden Liz Anne Ed.
_9512213
245 0 _aOxford companion to film.
260 _c1976
942 _hNWk, L6 RR
_cTEXL
_2CC
999 _c832643
_d832643